000 00880nam a2200325Ia 4500
001 14989
005 20240113235602.0
007 ta
008 051130s1970 g b000 u asm u
040 _aCotton College,Assam
041 _aasm
082 _a891.41182
_bH 336 M
100 _aHazarika, Mafizuddin Ahmed .
245 0 _aMafizuddin Ahmed Hazarika Rachanawali /
_cMafizuddin Ahmed Hazarika.
_hTextual Documents
250 _a1st ed. /
260 _aJorhat :
_bAsam Sahitya Sabha ,
_c1970.
300 _a150p. ;
_c22cm.
653 _aAssamese Poetry-Collections
653 _aG-Assamese
653 _aHazarika, Mafizuddin Ahmed-Collections
653 _aT/G- Assamese
700 _aSattar, Abdus .
942 _2ddc
_cBK
999 _c14975
_d14975